Anthropology Vocabulary Click Quiz - Statistics

General Stats
  • This quiz has been taken 315 times
  • The average score is 15 of 25
Answer Stats
Hint Answer % Correct
One society’s attempt to kill all members of a particular culture to cause culture death. genocide
79%
A society run by a select group of wealthy individuals. oligarchy
79%
Behaviors that are deemed appropriate and typical by society. norms
76%
A system in which one culture lays claim to foreign land and then represses and asserts domination over the native culture. colonialism
75%
Distress caused by an individual’s inability to quickly adapt to a new culture, or by a large discrepancy between one’s cultural values and their surrounding environment. culture shock
75%
A rigid societal hierarchy in which one’s ascribed status indicates what rights and privileges they can enjoy and whom they can socialize with. caste system
74%
A religious group that follows a prophet and does not adhere to the values of their larger society. cult
74%
The belief that one’s culture is superior to others. ethnocentrism
74%
A smaller group within a larger culture that shares their own cultural attributes. subculture
72%
Formative events that occur at transition points in one’s life. rites of passage
69%
Societal status that one receives at birth. ascribed status
67%
A societal status that one acquires by virtue of having demonstrated positive or negative behaviors. achieved status
66%
The process by which a smaller, minority culture adopts the cultural attributes of a larger, majority culture, effectively blending in. assimilation
62%
Recurring traditions in a society that reinforce social norms. rituals
60%
A large band led by a headsman and joined by common interest and need. tribe
60%
Unofficial law that is part of the cultural tradition and upheld as strictly as a written law. common law
56%
The scientific study of a particular culture. ethnography
56%
A group’s shared behavior and beliefs that are learned, patterned, adaptive, and symbolic. culture
54%
The process by which one learns the rules, norms, and expectations of their society by interacting with peers. socialization
54%
The scientific study of the characteristics of various peoples and the differences and relationships between them. ethnology
52%
Behavior that deviates from a culture’s norms and accepted values. crime
46%
Becoming acclimated to one’s native culture through observation, experience and instruction. enculturation
34%
The process that occurs when one culture adopts traits and traditions from another culture without fully adopting the other culture. acculturation
33%
A culture primarily defined by kinship and family, not social hierarchy. band
32%
The process of an individual adopting a new culture. transculturation
14%
No matching quizzes found
Score Distribution
Percent of People with Each Score
Percentile by Number Answered
Your Score History
You have not taken this quiz